02567cam a22003615a 45000010009000000050017000090080041000260100017000670200026000840350020001100400043001300820021001732450088001942500012002822600042002943000038003365040051003745050053004255200863004786500033013416500039013746500035014136510010014486530037014586550021014957000026015169420008015429990017015509520154015679520154017219520165018759520165020401846433520171107125736.0150123s2015 enk frb 001 0 eng d a 2015003147 a9780470672488 (cloth) a(DNLM)101650234 aDNLM/DLCbengcDLCdEG-ScBUEdEG-ScBUE04a617.632bCLI22200aClinical periodontology and implant dentistry /cedited by Jan Lindhe ... [et al.]. a6th ed. aChichester :bWiley Blackwell,c2015. a2 v. (1372 p. ) :bill. ;c28 cm. aIncludes bibliographical references and index.0 av. 1. Basic concepts -- v. 2. Clinical concepts. aNow in its sixth edition, Clinical Periodontology and Implant Dentistry is the must-have resource for practitioners specialising in periodontal care and implant dentistry. The chapters have been extensively revised with 40% of the content new to this edition. Maintaining the widely praised two-volume format introduced in the previous edition, the editorial team has once again brought together the world's top international specialists to share their expertise on all aspects of periodontology, periodontal health and the use of implants in the rehabilitation of the periodontally compromised patient. Seamlessly integrating foundational science, practical clinical protocols, and recent advances in the field, Clinical Periodontology and Implant Dentistry, Sixth Edition enhances its stellar reputation as the cornerstone reference work on periodontology. 7aPeriodontal Diseases.2BUEsh 7aDental Implantation.2BUEsh941572 7aDental implants.2BUEsh935980 2BUEsh bDDentcOctober2016cNovember2017 vText book9337281 aLindhe, Jan,eeditor. 2ddc c22639d22611 00102ddc40708AcademicaMAINbMAINc1STd2016-10-17ePurchaseg2315.00h9126l0o617.632 CLIp000034122r2025-07-15 00:00:00v2893.75yNBzVOL. 1. 00102ddc40708AcademicaMAINbMAINc1STd2016-10-17ePurchaseg2315.00h9126l0o617.632 CLIp000034123r2025-07-15 00:00:00v2893.75yNBzVOL. 2. 00102ddc40708BaccahaMAINbMAINc1STd2017-11-07ePurchaseg3600.00l1m12o617.632 CLIp000042414q2019-06-30r2018-08-07 00:00:00s2018-08-07yBBzVOL. 1. 00102ddc40708BaccahaMAINbMAINc1STd2017-11-07ePurchaseg3600.00l1m15o617.632 CLIp000042415q2019-06-30r2018-08-07 00:00:00s2018-08-07yBBzVOL. 2.